| 000 | 00992nam a2200301Ia 4500 | ||
|---|---|---|---|
| 003 | OSt | ||
| 005 | 20221006154209.0 | ||
| 006 | a|||||r|||| 00| 0 | ||
| 007 | ta | ||
| 008 | 221006b |||||||| |||| 00| 0 eng d | ||
| 020 |
_a0231075383 _c _29.00 |
||
| 020 | _a9780231075398 | ||
| 024 | _a34,703 | ||
| 037 |
_bINDXL/DEAS-DU/019/2010-11, 26/06/2010, Index International _cTextual |
||
| 040 |
_aEASL _cEASL _beng |
||
| 041 |
_2eng _aeng |
||
| 082 | _aV1:19(Y15), N2 | ||
| 100 |
_aTickner J. Ann Au. _9613903 |
||
| 245 | 0 |
_aGender in international relations _b Feminist perspectives on achieving global security |
|
| 260 |
_aNew York _bColumbia University Press _c1992 |
||
| 300 |
_axvi,180p. _ccm. |
||
| 490 | _v Gen | ||
| 650 | _a Feminist theory | ||
| 650 | _a Gen | ||
| 650 |
_aSecurity-International _9652017 |
||
| 942 |
_hV1:19(Y15), N2 _cTEXL _2CC |
||
| 999 |
_c1102789 _d1102789 |
||